000 00296nam a22001337a 4500
008 180910b xxu||||| |||| 00| 0 eng d
020 _a9780538724821
041 _aeng
080 _a004
100 _a35
101 _aSHK
245 _aKeyboard And Word Processing
_cWoo.V
942 _2udc
_cBK
999 _c47626
_d47626